Ferrat ou Renaud ? Quiz - Statistiques

Statistiques générales
  • Ce quiz a été pris 188 fois
  • Le résultat moyen est 12 sur 15
Statistiques - réponses
Question Réponse % Correct
Accoudé au comptoir / Le type est entré dans le bar / A commandé un café noir / Puis il m'a tapé sur l'épaule Renaud
98%
Ils se souviennent au mois de mai / D'un sang qui coula rouge et noir / D'une révolution manquée / Qui faillit renverser l'Histoire Renaud
91%
M'en voudrez-vous beaucoup si je vous dis un monde / Où celui qui a faim va être fusillé / Le crime se prépare et la mer est profonde / Que face aux révoltés montent les fusiliers Ferrat
90%
Tu m'as pris par la main dans cet enfer moderne / Où l'homme ne sait plus ce que c'est qu'être deux Ferrat
85%
Cet air de liberté au-delà des frontières / Aux peuples étrangers qui donnaient le vertige / Et donc vous usurpez aujourd'hui le prestige Ferrat
85%
Leur vie ils seront flics ou fonctionnaires / De quoi attendre sans s'en faire / Que l'heure de la retraite sonne Ferrat
85%
C'est long vieillir au bout du compte / Le sable fuit entre nos doigts / C'est comme un eau froide qui monte / C'est comme une honte qui croit Ferrat
84%
Demain prends garde à ta peau / A ton fric à ton boulot / Car la vérité vaincra / La Commune refleurira Renaud
84%
La femme est l'avenir des cons / Et l'homme n'est l'avenir de rien Renaud
82%
Je ne suis pas à plaindre j'ai presque de la chance / Quand je pense à mon pote qui lui n'est que blessé / Qui va finir ses jours à l'ombre d'une potence Renaud
78%
Nous étions des millions / Entre République et Nation / Protestants et catholiques / Musulmans, juifs et laïcs Renaud
77%
Pour vous et vos pareils nous étions la vermine / Sur qui vos policiers pouvaient taper sans frein / Mais les rues résonnaient de paix en Indochine Ferrat
73%
Je n'ai qu'une consolation / C'est qu'on peut être seul et con / Et que dans ce cas on le reste Ferrat
71%
On verrait dans le Parisien ma figure hirsute / La belle tête d'assassin écrirait Minute Ferrat
61%
Mais pour te perdre aussi / Sur ces trottoirs blêmes / Où pour quelques tordus / Tu fais croire que tu aimes / Toi qui n'aimeras plus Renaud
41%
Aucun quiz correspondant
Distribution des résultats
% des personnes avec chaque résultat
Percentile par nombre de réponses
Votre historique - résultats
Vous n’avez pas pris ce quiz